000 00543cam a2200169 4500500
005 20260405001240.0
041 _afre
042 _adc
100 1 0 _aBalaudé, Jean-François
_eauthor
245 0 0 _aL’ordre libertaire : La vie philosophique d’Albert Camus
260 _c2012.
500 _a46
690 _aCamus
690 _aOnfray
786 0 _nPhilosophie magazine | 56 | 2 | 2012-02-01 | p. 63-66 | 1951-1787
856 4 1 _uhttps://shs.cairn.info/magazine-philosophie-magazine-2012-2-page-63?lang=fr&redirect-ssocas=7080
999 _c2045560
_d2045560